Noem de landen die meerdere hoofdsteden hebben - Sudden Death - Statistieken

Algemene statistieken
  • Deze quiz is 10 keer genomen
  • De gemiddelde score is 4 van 9
Answers on the Grid
Answers color-coded by a green-red scale on the quiz's grid according to % correct below.
Belgie
Frankrijk
Zuid-Afrika
Somalie
Afghanistan
India
Nederland
Bolivia
Nigeria
Argentinie
Panama
Maleisië
Sri Lanka
Luxemburg
Tanzania
Ivoorkust
Swaziland
Chili
Canada
 
Antwoordstatistieken
Antwoord % Correct
Nederland
100%
Zuid-Afrika
100%
Swaziland
60%
Bolivia
40%
Tanzania
40%
Chili
20%
Ivoorkust
20%
Maleisië
20%
Sri Lanka
20%
Geen overeenkomende quizzen gevonden
Scoreverdeling
Procent van Mensen met Elke Score
Percentiel versus Aantal Correcte Antwoorden
Uw Scoregeschiedenis
U heeft deze quiz nog niet genomen